[Event "RUS IPCA-ch"]
[Site "Nalchik"]
[Date "2016.05.07"]
[Round "8"]
[White "Kazansky, Georgy"]
[Black "Anfinogenov, Artem"]
[Result "0-1"]
[WhiteElo "2152"]
[BlackElo "2065"]
[PlyCount "64"]
[EventDate "2016.04.30"]
[EventType "swiss"]
[EventRounds "9"]
[EventCountry "RUS"]
[SourceTitle "CBM 172 Extra"]
[Source "ChessBase"]
[SourceDate "2016.06.21"]
[SourceVersion "1"]
[SourceVersionDate "2016.06.21"]
[SourceQuality "1"]

1. e4 e5 2. Nf3 Nc6 3. Bb5 f5 4. d3 fxe4 5. dxe4 Nf6 6. Nc3 Bb4 7. 0-0 Bxc3 8. bxc3 d6 9. Qd3 Bd7 10. Rb1 Qe7 11. Ba3 Nd8 12. Bc4 Bc6 13. Nd2 Ne6 14. g3 g5 15. Bd5 Qd7 16. Qf3 0-0 17. Qd3 Kh8 18. Qc4 Rae8 19. Bxc6 bxc6 20. Rb7 Nd8 21. Rxa7 Qh3 22. f3 Nh5 23. Qe2 Ne6 24. Bc1 Nef4 25. gxf4 gxf4 26. Rf2 Rg8+ 27. Rg2 Rxg2+ 28. Qxg2 Rg8 29. Qxg8+ Kxg8 30. Ra3 Ng3 31. hxg3 fxg3 32. Nf1 g2 0-1

[Event "RUS IPCA-ch"]
[Site "Nalchik"]
[Date "2016.05.06"]
[Round "7"]
[White "Nikitenko, Sergey"]
[Black "Kazansky, Georgy"]
[Result "0-1"]
[WhiteElo "1888"]
[BlackElo "2152"]
[PlyCount "46"]
[EventDate "2016.04.30"]
[EventType "swiss"]
[EventRounds "9"]
[EventCountry "RUS"]
[SourceTitle "CBM 172 Extra"]
[Source "ChessBase"]
[SourceDate "2016.06.21"]
[SourceVersion "1"]
[SourceVersionDate "2016.06.21"]
[SourceQuality "1"]

1. d4 d5 2. c4 e6 3. Nc3 Nf6 4. Bg5 c6 5. e3 Nbd7 6. Nf3 Be7 7. Bd3 0-0 8. 0-0 h6 9. Bh4 b6 10. Rc1 Bb7 11. a3 dxc4 12. Bxc4 c5 13. dxc5 Nxc5 14. Qe2 a6 15. b4 Nce4 16. Rfd1 Qe8 17. Ne5 Nxc3 18. Rxc3 Ne4 19. Rcd3 Bxh4 20. Nd7 Nxf2 21. Rd4 Nxd1 22. Qxd1 Bg5 23. Qg4 Bxe3+ 0-1

[Event "RUS IPCA-ch"]
[Site "Nalchik"]
[Date "2016.05.02"]
[Round "3"]
[White "Gedgafov, Chamal"]
[Black "Kazansky, Georgy"]
[Result "1-0"]
[WhiteElo "2227"]
[BlackElo "2152"]
[PlyCount "51"]
[EventDate "2016.04.30"]
[EventType "swiss"]
[EventRounds "9"]
[EventCountry "RUS"]
[SourceTitle "CBM 172 Extra"]
[Source "ChessBase"]
[SourceDate "2016.06.21"]
[SourceVersion "1"]
[SourceVersionDate "2016.06.21"]
[SourceQuality "1"]

1. d4 d5 2. c4 e6 3. Nc3 Nf6 4. Bg5 c6 5. e3 Nbd7 6. cxd5 exd5 7. Bd3 Be7 8. Nf3 0-0 9. Qc2 Re8 10. 0-0 Nf8 11. Rab1 Bd6 12. Bh4 Ng6 13. Bg3 Bxg3 14. hxg3 Bg4 15. b4 b6 16. Rfc1 Qd6 17. a4 a6 18. e4 Bxf3 19. e5 Qf8 20. gxf3 Nd7 21. f4 Qe7 22. b5 axb5 23. axb5 Rec8 24. bxc6 Ra3 25. Nxd5 Qd8 26. c7 1-0

[Event "RUS IPCA-ch"]
[Site "Nalchik"]
[Date "2015.05.02"]
[Round "3"]
[White "Kazansky, Georgy"]
[Black "Gedgafov, Chamal"]
[Result "1-0"]
[WhiteElo "2050"]
[BlackElo "2140"]
[PlyCount "99"]
[EventDate "2015.04.30"]
[EventType "swiss"]
[EventRounds "9"]
[EventCountry "RUS"]
[SourceTitle "EXT 2018"]
[Source "ChessBase"]
[SourceDate "2017.10.13"]
[SourceVersion "1"]
[SourceVersionDate "2017.10.13"]
[SourceQuality "1"]

1. e4 e6 2. d4 d5 3. Nc3 Bb4 4. e5 c5 5. a3 Bxc3+ 6. bxc3 Ne7 7. Qg4 cxd4 8. Qxg7 Rg8 9. Qxh7 Qc7 10. Ne2 Nbc6 11. f4 dxc3 12. Qd3 Bd7 13. Nxc3 a6 14. g3 Rc8 15. Bd2 Na5 16. Rb1 Nc4 17. Rb3 Nc6 18. Ne4 dxe4 19. Qxc4 Qd8 20. Qxe4 Ne7 21. Rd3 Qc7 22. Qd4 Bc6 23. Rg1 Nd5 24. c4 Ne7 25. Bb4 Nf5 26. Qc5 b6 27. Qf2 Be4 28. Rd2 a5 29. Bd6 Qc6 30. g4 Nxd6 31. Rxd6 Qa4 32. Rg3 b5 33. f5 Bd5 34. f6 Rxc4 35. Bxc4 Qxc4 36. Qe2 Qc1+ 37. Qd1 Qf4 38. Rxd5 Qe4+ 39. Qe2 Qxd5 40. Rd3 Qc5 41. Kd2 Rg5 42. Qe4 Qf2+ 43. Kc1 Qg1+ 44. Rd1 Qc5+ 45. Kb1 Qc8 46. h4 Rg6 47. Rc1 Qd8 48. g5 b4 49. Qc6+ Kf8 50. Qa6 1-0